[Event "Hastings 9394"]
[Site "Hastings"]
[Date "1993.??.??"]
[Round "9"]
[White "Krasenkow, Michal"]
[Black "Nunn, John DM"]
[Result "1/2-1/2"]
[WhiteElo "2595"]
[BlackElo "2590"]
[Annotator "Krasenkow,M"]
[PlyCount "94"]
[EventDate "1993.12.??"]
[EventType "tourn"]
[EventRounds "9"]
[EventCountry "ENG"]
[EventCategory "12"]
[SourceTitle "CBM 040"]
[Source "ChessBase"]
[SourceDate "1994.06.01"]
[SourceVersion "1"]
[SourceVersionDate "1994.06.01"]
[SourceQuality "1"]

1. d4 Nf6 2. c4 g6 3. Nf3 Bg7 4. g3 c6 5. Bg2 d5 6. cxd5 cxd5 7. Nc3 O-O 8. Ne5
e6 9. O-O Nfd7 10. f4 f6 11. Nd3 Nc6 12. e3 f5 13. Qe2 {N} Nf6 14. b3 Re8 $1
15. a4 (15. Ba3 Qa5 16. Qb2 $140 Ng4) 15... Bd7 (15... Ne4 $5 16. Bxe4 dxe4 17.
Ne5 Bxe5 $1 18. dxe5 Nb4) 16. Ba3 Ne4 17. Bxe4 dxe4 18. Ne5 (18. Nc5 Bc8 $1 (
18... Nxd4 $2 19. exd4 Bxd4+ 20. Kg2 Bxc3 21. Rad1) 19. Rad1 Ne7 $1 (19... b6
$2 20. d5 $1 (20. Na6 $2 Bb7 21. d5 Qc8) 20... exd5 21. Qb5 (21. Rxd5 $2 Qf6)
21... Ne7 (21... Qd6 22. Nxd5 bxc5 23. Bxc5 a6 24. Qb6) 22. Nxd5 Nxd5 (22...
bxc5 $2 23. Nc7) 23. Rxd5 (23. Qc4 bxc5 24. Rxd5 Qb6) 23... Qe7 24. Nb7 $1 (24.
Nd3 a6 25. Qc4 b5) 24... a6 25. Qc4 $16) 20. Rc1 b6 21. Na6 Bb7) 18... Ne7 (
18... Nxe5 $142 19. dxe5 Rc8 20. Nb5 Bxb5 21. axb5 (21. Qxb5 Qd3) 21... Qd5)
19. Nc4 $6 (19. Rac1 Bc6 20. Nxc6 Nxc6 21. Nb5 Bf8 22. Bxf8 Rxf8 23. Rfd1 $36)
19... Bc6 20. Nd6 Rf8 21. g4 Nd5 (21... fxg4 $5 22. Qxg4 Nf5 $132) 22. Nxd5 $6
(22. Rac1 $142 Qd7 $10) 22... exd5 23. b4 $2 (23. gxf5 $2 Rf6 $1) (23. Nb5 $142
) 23... a6 $1 {/\24...Bxa4;24...b5} 24. b5 axb5 25. Nxb5 (25. axb5 $2 Rxa3)
25... Rf7 26. Bc5 fxg4 27. Qxg4 Bd7 (27... b6 $5 28. Bb4 Rxa4 29. Rxa4 Bxb5 30.
Rc1 Bd7 $1 $17) 28. Qe2 b6 29. Bb4 g5 $6 (29... Qh4 $17) 30. Nd6 Rf6 31. Qa2 $1
gxf4 $6 (31... Be6 $142 $1 32. f5 Bf7 33. Nxf7 Rxf7 {/\Qd7}) 32. Qxd5+ Be6 33.
Qxe4 Rg6+ 34. Kh1 fxe3 35. Rg1 Ra5 $3 {[]} 36. Rxg6 (36. Bxa5 $2 Qxd6 37. Rxg6
hxg6 38. Bb4 Bd5 39. Bxd6 Bxe4+ 40. Kg1 Bxd4 $19) 36... Bd5 37. Re6 $5 (37.
Rxg7+ Kxg7 38. Rg1+ Kf6 39. Rf1+ Kg7 $10) 37... Bxe4+ 38. Rxe4 Ra8 39. Rg1 Qf6
(39... Qd7 $5 40. d5 Qh3 41. Rf4 Rf8) 40. Rxe3 Kh8 (40... Qxd4 $6 41. Re7) 41.
d5 (41. Reg3 Ra7 $1 (41... Rxa4 42. Rxg7 Qf3+ (42... Qxg7 43. Rxg7 Kxg7 44. Bc3
Kf6 $10 {_|_}) 43. R7g2 Ra2 (43... Rxb4 $4 44. Re1) 44. Bd2 Rxd2 45. Nf7+ Qxf7
46. Rxd2 b5 $10)) 41... Qd4 (41... Qf4 42. Re7 Qf3+ (42... Qxb4 43. Nf7+ Kg8
44. Nh6+ Kf8 45. Rf7+ Ke8 46. Rgxg7 Qe4+ 47. Kg1 $10) 43. Rg2 Qd1+ 44. Be1 Rf8
45. Rexg7 Rf1+ 46. Rg1 Rxg1+ 47. Rxg1 Qf3+ $10) 42. Nf7+ Kg8 43. Nh6+ Kh8 44.
Nf7+ Kg8 45. Nh6+ Kh8 46. Rxg7 $5 Qxe3 (46... Qxb4 $6 47. Rg4 $1 Qf8 48. Rg8+
Qxg8 49. Nxg8 Kxg8 $14 {_|_}) 47. Rg2 (47. Rg3 Qe4+) 47... Rf8 $1 (47... Rf8
48. Bxf8 Qe1+ $10) 1/2-1/2

[Event "EU-Cup 23rd"]
[Site "Kemer"]
[Date "2007.10.08"]
[Round "6.2"]
[White "Shirov, Alexei"]
[Black "Naiditsch, Arkadij"]
[Result "1/2-1/2"]
[WhiteElo "2739"]
[BlackElo "2647"]
[Annotator "Krasenkow,M"]
[PlyCount "60"]
[EventDate "2007.10.03"]
[EventType "team-swiss"]
[EventRounds "7"]
[EventCountry "TUR"]
[SourceTitle "CBM 121"]
[Source "ChessBase"]
[SourceDate "2007.11.14"]
[SourceVersion "1"]
[SourceVersionDate "2007.11.14"]
[SourceQuality "1"]
[WhiteTeam "Ural Sverdlovskaya"]
[BlackTeam "Clichy Echecs 92"]
[WhiteTeamCountry "RUS"]
[BlackTeamCountry "FRA"]

1. d4 Nf6 2. c4 g6 3. g3 c6 4. Bg2 d5 5. cxd5 cxd5 6. Nf3 Bg7 7. O-O Nc6 $6 8.
Ne5 $1 O-O 9. Nc3 e6 10. Nxc6 bxc6 11. Bf4 {After some move transposition, we
have reached a setup which is considered unpleasant for Black.} Nd7 12. Qd2 Ba6
13. Rac1 (13. Rfd1 c5 $1) 13... Nb6 $146 {[%mdl 8] An interesting idea. Black
apparently gives up the ...c6-c5 plan... Meanwhile, Black didn't necessarily
do badly in the following games:} (13... e5 $6 {This advance, leading to an
isolated pawn pair, is almost always poor in this whole system. I learned that
when I lost to Evgeny Pigusov back in 1985.} 14. dxe5 Nxe5 15. b3 Re8 16. Rfe1
Nd7 17. Na4 Rc8 18. Bg5 Bf6 19. Bxf6 Nxf6 20. Nc5 Qb6 21. Qb2 Kg7 22. Bh3 Rcd8
23. Nd7 {1-0 Schlemmermeyer,W-Fette,M/Hamburg/1990/ (23)}) (13... Re8 14. Rfd1
Qa5 $6 (14... Rc8) 15. b3 Rac8 16. Bd6 $1 Qd8 (16... c5 $2 17. dxc5 Nxc5 18.
Nxd5) (16... e5 17. dxe5 Nxe5 18. Na4 $14) 17. e4 Bb7 18. e5 c5 19. Na4 cxd4
20. Rxc8 Qxc8 21. Rc1 Qa8 22. Qxd4 $14 {1-0 Romanishin,O-Epishin,V/Cutro 1999/
CBM 071/[Ftacnik] (66)}) (13... Qe7 14. Bh6 Bxh6 15. Qxh6 c5 16. Rfd1 Rac8 17.
e4 $5 cxd4 18. Rxd4 dxe4 19. Nxe4 Rxc1+ (19... Nf6 $5) 20. Qxc1 Rc8 21. Qh6 (
21. Qd2 $142) 21... Nf8 22. Ra4 Bb5 $13 {1-0 Carlier,B-Bernard,V/France 2005/
EXT 2006 (73)}) (13... Rc8 14. Rfd1 Re8 (14... c5 15. dxc5 Nxc5 16. Bh6 $14 {
/\ b4, e4,Ftacnik}) 15. e4 $1 Nb6 16. b3 Qe7 17. h4 c5 18. dxc5 d4 $5 19. cxb6
dxc3 20. Qd6 Qxd6 21. Bxd6 axb6 22. e5 Red8 23. Be4 Bf8 24. f4 f5 $1 25. Bg2
Bxd6 26. exd6 Kf7 $11 {1/2-1/2 Andersson,U-Uhlmann,W/Thessaloniki 1988/TD(33)})
14. b3 Rc8 {[%cal Rc6c5]} 15. Nd1 $6 (15. Be3 $5 c5 $140 $6 16. dxc5 d4 17. Bg5
$1 f6 18. Ne4 $1) 15... Nd7 $1 {And suddenly Black again threatens 16...c5 and
White has no good way to prevent it!} 16. Bd6 $6 (16. b4 $142 e5 $1 {An
exception confirming the rule!} (16... Nb6 $5) 17. dxe5 Nxe5 {[%csl Rc4] with
good counterplay.}) (16. Be3 $143 c5 $1 17. dxc5 d4 18. Bxd4 Nxc5 19. Be3 Qxd2
20. Bxd2 Bxe2) 16... Re8 17. Nb2 $6 Qf6 18. Rfd1 c5 $1 {White is simply losing
his d4-pawn!} 19. Bf3 (19. e3 Rc6 {trapping the poor bishop!}) 19... Rc6 $2 {
Oh, no! White now consolidates his position and gradually equalises.} (19...
Qxd4 $142 20. Qa5 Qb4 $1 (20... Qxb2 $143 21. Qxa6 Be5) 21. Qxa6 Bxb2 22. Rc2
Be5 23. Bxe5 (23. Qxa7 Bxd6 24. Qxd7 Red8 25. Qa4 $8 $17) 23... Nxe5 24. Qxa7
Kg7 {with a clear advantage for Black due to his strong centralized position.})
20. Bf4 Rec8 21. Be3 {Missing a hidden tactical opportunity:} (21. Nc4 $1 Qxd4
(21... dxc4 22. Bg5 $1 c3 (22... Qxd4 23. Qa5) 23. Rxc3 Qxd4 24. Qxd4 Bxd4 25.
Rxd4 cxd4 26. Rxc6 Rxc6 27. Bxc6 Ne5 28. Be4 f5 29. Bf4 $1 $11) 22. Qa5 Qf6 23.
Nd6 Rd8 24. Qa4 Rb6 25. Nc4 $1 Bxc4 (25... dxc4 26. Rxd7) 26. bxc4 e5 27. Bd2
e4 28. Bg2 {and White is OK.}) (21. Qa5 {was also possible} cxd4 $140 22. Rxc6
Rxc6 23. Rc1 $132) 21... h5 (21... cxd4 22. Bg5 Qe5 23. Bf4 Qf5 24. g4 Qf6 25.
Bg5 $11) (21... Qe7 $142 $5 {keeping some initiative.}) 22. h3 (22. Qa5 $5) (
22. Nd3) 22... Bh8 (22... Qe7 $5) 23. Nd3 Bxd3 {Black must now liquidate into
an equal endgame.} 24. Qxd3 cxd4 25. Rxc6 Rxc6 26. Bxd4 Qxd4 27. Qxd4 Bxd4 28.
Rxd4 Ne5 29. Kg2 Ra6 30. Rd2 Kf8 1/2-1/2

[Event "Harkany Tenkes Cup"]
[Site "Harkany"]
[Date "1989.11.23"]
[Round "10"]
[White "Espig, Lutz"]
[Black "Sveshnikov, Evgeny"]
[Result "0-1"]
[WhiteElo "2460"]
[BlackElo "2485"]
[Annotator "Kruszynski,W"]
[PlyCount "84"]
[EventDate "1989.11.14"]
[EventType "swiss"]
[EventRounds "11"]
[EventCountry "HUN"]
[SourceTitle "EXT 2012"]
[Source "ChessBase"]
[SourceDate "2011.11.24"]
[SourceVersion "1"]
[SourceVersionDate "2011.11.24"]
[SourceQuality "1"]

{SCHACH Magazin 64 1/1990 Seite 11} 1. Nf3 d5 2. g3 g6 3. d4 Bg7 4. Bg2 Nf6 5.
O-O O-O 6. c4 c6 7. cxd5 cxd5 8. Ne5 Ng4 9. f4 Nc6 10. e3 Ngxe5 11. dxe5 e6 12.
Nc3 b6 13. Rf2 Ba6 $5 14. Qa4 Bb7 15. Bd2 $2 ({Besser ist} 15. Nb5 {nebst evtl.
Sd6}) 15... a6 16. Be1 b5 17. Qd1 Qb6 18. Rd2 Na5 ({Nicht aber} 18... Qxe3+ $4
19. Bf2 {mit Damengewinn.}) 19. Bf2 Nc4 20. Re2 Rfd8 21. b3 Na3 22. Nb1 Bf8 23.
Nxa3 Bxa3 24. Qd3 Rac8 25. Rb1 a5 26. Rc2 Rxc2 27. Qxc2 Rc8 28. Qd3 Qc6 29. Rd1
Qc2 30. Bf1 Qxa2 31. Rd2 ({Nach} 31. Qxb5 {folgt} Rc2 $1 {mit Gewinn.}) 31...
Qa1 32. Rd1 Qb2 33. Rd2 Qc3 34. Qxc3 Rxc3 35. Bxb5 Rxb3 36. Ba4 Rb4 37. Rd4
Rb1+ 38. Rd1 Rb4 39. Rd4 Rb2 40. g4 Bc5 41. Rd1 Rb4 42. Bd7 a4 0-1

[Event "Belgrade Super"]
[Site "Belgrade"]
[Date "1996.??.??"]
[Round "1"]
[White "Ilincic, Zlatko"]
[Black "Leko, Peter"]
[Result "0-1"]
[WhiteElo "2555"]
[BlackElo "2625"]
[Annotator "Leko,P"]
[PlyCount "80"]
[EventDate "1996.02.??"]
[EventType "tourn"]
[EventRounds "11"]
[EventCountry "YUG"]
[EventCategory "16"]
[SourceTitle "CBM 052"]
[Source "ChessBase"]
[SourceDate "1996.06.01"]
[SourceVersion "1"]
[SourceVersionDate "1996.06.01"]
[SourceQuality "1"]

1. d4 Nf6 2. c4 g6 3. g3 c6 4. Bg2 d5 5. cxd5 cxd5 6. Nf3 Bg7 7. O-O O-O 8. Nc3
e6 9. Ne5 Nfd7 10. f4 Nc6 11. Be3 f6 12. Nd3 Nb6 13. Bf2 f5 14. Ne5 Bd7 15. a4
$5 {Eine interessante aber auch sehr riskante Neuerung, weil Schwarz das Feld
b4 für seinen Springer erhält.} (15. Rc1 Qe7 16. Qd3 Nc8 $10) 15... a5 16. Qb3
Nb4 17. Rfc1 Qe7 $1 (17... Rc8 18. Nb5 $1 $14) 18. Nb5 Rfc8 19. Rc5 $1 Bf8 20.
g4 $5 (20. Bf1 Qd8 21. Rc3 Nc6 $10) 20... fxg4 $1 21. Rac1 $2 {Schon der
entscheidenden Fehler!} (21. Nxg4 $1 Nc4 $1 $132 (21... Bc6 22. Ne5 Nd7 23. Rc3
$14)) 21... Bc6 $1 $17 {Mit diesen Zug mache die beiden weissen Türme auf der
c-Linie wirkungslos.} 22. R5c3 (22. Nxg4 Nc4 $17) 22... Bg7 $1 23. Nxg4 Rf8 24.
e3 (24. Rf3 Nc4 $17) 24... Nc4 $1 25. Na3 $6 {*} (25. Rxc4 dxc4 26. Qxc4 Bxg2
27. Kxg2 Nd5 $17) 25... Nd2 $1 $19 {Angriff von hinten! Nach diesem starken
Springerzug bekommt der weisse König Probleme.} 26. Qd1 Ne4 27. Bxe4 dxe4 28.
Rb1 (28. Rc5 Nd3 $19) 28... g5 $1 {Schwarz öffnet den Königspflügel zum besten
Zeitpunkt.} 29. Bg3 (29. Ne5 $5 Nd5 $1 (29... gxf4 30. exf4 Rxf4 31. Rg3) 30.
Nxc6 bxc6 31. Rxc6 gxf4 $19) 29... Nd5 (29... Nd3 $19) 30. Nc4 $8 gxf4 31. Bxf4
Nxf4 $1 (31... Nxc3 32. bxc3 Qh4 33. Nce5 $17) 32. exf4 Rxf4 33. Rg3 Raf8 34.
Nce5 Kh8 35. Rc1 $138 Qd6 $1 36. Qd2 e3 37. Qxe3 (37. Rxe3 Rxd4 $19) 37... Rxd4
38. Rf1 (38. Nxc6 Rd1+ $19) 38... Rd1 39. Nf3 Rxf1+ 40. Kxf1 Qxg3 $1 (40...
Qxg3 41. hxg3 Rxf3+ 42. Qxf3 Bxf3 $19) 0-1

[Event "Metz op 30th"]
[Site "Metz"]
[Date "2012.04.18"]
[Round "7"]
[White "Michiels, Bart"]
[Black "Libiszewski, Fabien"]
[Result "1/2-1/2"]
[WhiteElo "2502"]
[BlackElo "2523"]
[Annotator "Metz Alekhine/Primel,D"]
[PlyCount "94"]
[EventDate "2012.04.14"]
[EventType "swiss"]
[EventRounds "9"]
[EventCountry "FRA"]
[SourceTitle "EXT 2013"]
[Source "ChessBase"]
[SourceDate "2012.11.22"]
[SourceVersion "1"]
[SourceVersionDate "2012.11.22"]
[SourceQuality "1"]

1. d4 Nf6 2. c4 g6 3. Nf3 Bg7 4. g3 c6 5. Bg2 d5 6. cxd5 cxd5 7. O-O O-O 8. Nc3
(8. Ne5) 8... Ne4 9. Nxe4 dxe4 10. Ne5 {92} Qd5 11. b3 (11. Be3 Bxe5 12. dxe5
Qxe5 13. Qb3 $44) 11... Bf5 12. Bb2 Nd7 13. Nc4 Nf6 14. Ne3 Qd7 $146 {[%cal
Gf5h3]} (14... Qd6 15. Nxf5 gxf5 16. e3 h5 17. h4 Rac8 18. Qe2 Rc7 19. Rfc1 {
1/2-1/2 (19) Lima,D (2420)-Finkel,A (2505) Ubeda 1997}) 15. Nxf5 gxf5 16. Qd2
Rac8 17. Rfc1 Rxc1+ 18. Rxc1 Rc8 19. e3 Rxc1+ 20. Qxc1 e6 21. Ba3 b6 22. Bf1
Bf8 23. Bxf8 Kxf8 $11 {[%cal Gf6d5]} 24. h3 Nd5 25. Bc4 Kg7 26. a4 Qd6 {(=)}
27. Qd1 $6 {Refuse la nulle mais les Blancs sont un peu perturbés par la
proposition et ils jouent un coup imprécis} (27. Qd2) 27... Nxe3 $1 28. fxe3
Qxg3+ 29. Kf1 Qxe3 30. Kg2 f4 $36 31. Qg1 $1 {[%cal Gg1e3,Gg1g7]} Qd2+ 32. Qf2
f3+ 33. Kg3 Qg5+ 34. Kh2 {[%cal Gf2g3]} Kf6 35. h4 Qf4+ (35... Qf5) 36. Qg3
Qd2+ 37. Kh3 h6 38. Qe5+ Ke7 39. Kg4 (39. Qc7+ Kf8 40. Qb8+ Kg7 41. Qg3+) 39...
Qg2+ 40. Kf4 f2 41. Qc7+ Kf8 42. Qb8+ Kg7 43. Qe5+ Kg8 44. Qxe4 f1=Q+ 45. Bxf1
Qxf1+ 46. Ke5 Kg7 47. Qg4+ Kf8 1/2-1/2

[Event "FRA-ch 55th"]
[Site "Puteaux"]
[Date "1980.08.26"]
[Round "6"]
[White "Sellos, Didier"]
[Black "Roos, Daniel"]
[Result "1/2-1/2"]
[WhiteElo "2310"]
[BlackElo "2380"]
[Annotator "Primel,D"]
[PlyCount "49"]
[EventDate "1980.08.20"]
[EventType "swiss"]
[EventRounds "11"]
[EventCountry "FRA"]
[SourceTitle "EXT 2014"]
[Source "ChessBase"]
[SourceDate "2013.11.20"]
[SourceVersion "1"]
[SourceVersionDate "2013.11.20"]
[SourceQuality "1"]

1. d4 Nf6 2. Nf3 g6 3. g3 Bg7 4. Bg2 O-O 5. O-O d5 6. c4 c6 7. cxd5 cxd5 8. Ne5
(8. Nc3) 8... Ng4 9. Nxg4 Bxg4 10. Nc3 Nc6 11. h3 Bc8 (11... Bd7 12. Nxd5 e6
13. Nc3 Nxd4 14. Bxb7 Rb8 15. Bg2 Qc8 16. Qd3 Bc6 17. Rb1 Rd8 18. Qc4 Bxg2 19.
Qxc8 Rdxc8 20. Kxg2 Rxc3 21. bxc3 Rxb1 22. cxd4 Bxd4 23. Bh6 Rxf1 24. Kxf1 f6
25. Bd2 e5 26. e4 Kf7 27. Ke2 Ke6 {1/2-1/2 (27) Mamedyarov,S (2726)-Radjabov,T
(2788) Astana 2012}) 12. e3 e6 13. b3 b6 14. Ba3 Re8 15. Qd2 Ba6 16. Rfd1 Rc8
17. Rac1 Qd7 18. Na4 Ne7 19. Nb2 $1 {[%cal Gb2d3,Gd3e5]} Rxc1 20. Rxc1 Rc8 21.
Rc3 (21. Nd3 Rxc1+ 22. Bxc1 Qc6 23. Nb4) 21... Rxc3 22. Qxc3 Qc8 23. Qxc8+ Nxc8
24. Bf1 Bxf1 25. Kxf1 1/2-1/2

[Event "POL-chT 66th"]
[Site "Katowice"]
[Date "2010.09.12"]
[Round "9"]
[White "Heberla, Bartlomiej"]
[Black "Dragun, Kamil"]
[Result "1/2-1/2"]
[WhiteElo "2534"]
[BlackElo "2392"]
[Annotator "RR"]
[PlyCount "60"]
[EventDate "2010.09.04"]
[EventType "team-tourn"]
[EventRounds "9"]
[EventCountry "POL"]
[SourceTitle "EXT 2016"]
[Source "ChessBase"]
[SourceDate "2015.10.08"]
[SourceVersion "1"]
[SourceVersionDate "2015.10.08"]
[SourceQuality "1"]
[WhiteTeam "Katowice Szopienice"]
[BlackTeam "Gorzow Wielkopolski"]
[WhiteTeamCountry "POL"]
[BlackTeamCountry "POL"]

1. Nf3 Nf6 2. g3 g6 3. Bg2 Bg7 4. O-O O-O 5. c4 c6 6. Nc3 d5 7. cxd5 cxd5 8. d4
Ne4 9. Ne5 Nxc3 10. bxc3 Nc6 11. Nxc6 bxc6 12. Qa4 Qb6 13. Ba3 Qa6 14. Qxa6
Bxa6 15. Rfe1 (15. Rfb1 Rfb8 16. Bf1 Bf8 17. e3 Bxf1 18. Kxf1 e6 19. Bxf8 Kxf8
20. Ke2 Ke7 21. Rb3 Rb6 22. Kd3 Rab8 23. Rab1 Rxb3 24. axb3 Rb6 25. Ra1 Rxb3
26. Rxa7+ Kf6 27. Kc2 Rb5 28. Rc7 Ra5 29. Kb2 Rb5+ 30. Kc2 Ra5 31. Kb1 Rb5+ 32.
Kc1 Ra5 33. Kb2 Rb5+ {1/2-1/2 (33) Mamedov,R (2642)-Safarli,E (2635) Baku 2015}
) 15... Rfe8 16. Bc5 e6 17. Rab1 Bf8 18. Bxf8 Kxf8 19. Rb2 Reb8 20. Reb1 Rxb2
21. Rxb2 Ke7 22. Kf1 Kd7 $11 23. Ke1 Kc7 24. Kd2 Rb8 25. Rxb8 Kxb8 26. e4 Kc7
27. a3 Kd7 28. Ke3 Ke7 29. Bf3 h6 30. Bd1 Bb5 1/2-1/2

[Event "Sautron op 13th"]
[Site "Sautron"]
[Date "2013.11.01"]
[Round "8"]
[White "Roiz, Michael"]
[Black "Avrukh, Boris"]
[Result "1/2-1/2"]
[WhiteElo "2614"]
[BlackElo "2576"]
[Annotator "RR"]
[PlyCount "54"]
[EventDate "2013.10.26"]
[EventType "swiss"]
[EventRounds "9"]
[EventCountry "FRA"]
[SourceTitle "EXT 2014"]
[Source "ChessBase"]
[SourceDate "2013.11.20"]
[SourceVersion "1"]
[SourceVersionDate "2013.11.20"]
[SourceQuality "1"]
[TimeControl "40/5400+30:1800+30"]
[WhiteClock "1:30:00"]
[BlackClock "1:30:00"]

1. d4 {[%emt 0:00:00]} Nf6 {[%emt 0:00:00]} 2. c4 {[%emt 0:00:00]} g6 {[%emt 0:
00:19]} 3. g3 {[%emt 0:00:39]} c6 {[%emt 0:01:30]} 4. Bg2 {[%emt 0:03:13]} d5 {
[%emt 0:00:55]} 5. Nf3 {[%emt 0:00:17]} Bg7 {[%emt 0:00:11]} 6. cxd5 {[%emt 0:
01:20]} cxd5 {[%emt 0:00:13]} 7. O-O {[%emt 0:01:56]} O-O {[%emt 0:10:42]} 8.
Ne5 {[%emt 0:03:54]} Ng4 {[%emt 0:02:42]} 9. Nf3 {[%emt 0:04:51]} Nf6 {[%emt 0:
00:47]} 10. Nc3 {[%emt 0:00:17]} e6 {[%emt 0:02:43]} 11. Ne5 {[%emt 0:02:24]}
Nfd7 {[%emt 0:01:26]} 12. Nf3 {[%emt 0:02:03]} Nf6 {[%emt 0:01:42]} 13. Ne5 {
[%emt 0:01:21]} Nfd7 {[%emt 0:00:36]} 14. f4 {[%emt 0:00:12]} Nc6 {[%emt 0:00:
42]} 15. Be3 {[%emt 0:03:47]} f6 {[%emt 0:07:02]} 16. Nf3 {[%emt 0:02:40]} Nb6
{[%emt 0:01:20]} 17. b3 {[%emt 0:02:27]} Bd7 {[%emt 0:03:57]} 18. Bf2 {[%emt 0:
02:10]} (18. Bc1 f5 19. Ba3 Re8 20. Rc1 Bf8 21. Bxf8 Rxf8 22. Ne5 Qe7 23. e3
Nc8 24. Qd2 Nd6 25. Ne2 Rfc8 26. Rc2 Rc7 27. Rfc1 Rac8 28. Nxc6 Bxc6 29. Nc3
Kf8 30. Bf1 Ke8 31. Bd3 Kd8 32. a4 Be8 33. Ne2 Rxc2 34. Rxc2 Rxc2 35. Qxc2 {
1/2-1/2 (31) Mchedlishvili,M (2659)-Van Wely,L (2691) Istanbul 2012}) 18... f5
{[%emt 0:01:51]} 19. Rc1 {[%emt 0:02:48]} Qe7 {[%emt 0:10:24]} 20. e3 {[%emt 0:
02:04]} Nc8 {[%emt 0:02:21]} 21. h3 {[%emt 0:01:39]} Nd6 {[%emt 0:00:48]} 22.
g4 {[%emt 0:03:17]} Rfc8 $146 {[%emt 0:09:23] Une longue suite théorique qui
va conduire à une nulle rapide.} (22... Rac8 23. Bh4 Bf6 24. Bxf6 Qxf6 25. Ne5
Qe7 26. Kh2 Nxe5 27. dxe5 Nb5 28. Ne2 Rxc1 29. Qxc1 Rc8 30. Qd2 a6 31. gxf5
gxf5 32. Bf3 Kh8 33. Rg1 Rg8 34. Rxg8+ Kxg8 35. Qa5 Be8 36. Qb6 Bf7 37. a4 Qc7
38. Qxc7 Nxc7 39. a5 Nb5 40. Kg3 Kf8 41. Kh4 Be8 42. Nc1 Na7 43. Nd3 Bd7 44. b4
Nc6 45. Bd1 Kg7 46. Kg5 h6+ 47. Kh5 Be8+ 48. Kh4 Bd7 49. Kg3 Kf8 50. Kf2 Ke7
51. Ke1 d4 52. Kd2 {Baburin,A (2495)-Wojtkiewicz,A (2570) Vienna 1995 1-0 (66)}
) 23. Kh1 {[%emt 0:01:08]} Be8 {[%emt 0:01:42]} 24. Bh4 {[%emt 0:00:39]} Bf6 {
[%emt 0:01:18]} 25. Bxf6 {[%emt 0:00:36]} Qxf6 {[%emt 0:00:06]} 26. Ne5 {
[%emt 0:02:00]} (26. g5 Qe7 27. Kh2 Ne4 28. Nxe4 dxe4 29. Ne5 Nxe5) 26... Rc7 {
[%emt 0:03:53]} 27. Qd2 {[%emt 0:03:49]} Rac8 {[%emt 0:02:53] Les temps de
réflexion permettrent néanmoins de voir que la partie a été disputée.}
1/2-1/2

[Event "POL-chT 66th"]
[Site "Katowice"]
[Date "2010.09.05"]
[Round "2"]
[White "Bobula, Mateusz"]
[Black "Dragun, Kamil"]
[Result "1-0"]
[WhiteElo "2380"]
[BlackElo "2392"]
[Annotator "RR"]
[PlyCount "111"]
[EventDate "2010.09.04"]
[EventType "team-tourn"]
[EventRounds "9"]
[EventCountry "POL"]
[SourceTitle "EXT 2016"]
[Source "ChessBase"]
[SourceDate "2015.10.08"]
[SourceVersion "1"]
[SourceVersionDate "2015.10.08"]
[SourceQuality "1"]
[WhiteTeam "Dankowice"]
[BlackTeam "Gorzow Wielkopolski"]
[WhiteTeamCountry "POL"]
[BlackTeamCountry "POL"]

1. d4 Nf6 2. c4 g6 3. Nf3 Bg7 4. g3 c6 5. Bg2 d5 6. cxd5 (6. O-O O-O) (6. Nbd2
O-O 7. O-O a5 8. b3 a4 9. Ba3 {Kramnik,V (2783)-Caruana,F (2805) 43rd GM 2015 
(5) 0-1}) 6... cxd5 7. Nc3 O-O 8. O-O Ne4 9. Ne5 Nxc3 10. bxc3 Nd7 11. Nxd7
Qxd7 12. Qb3 Rd8 (12... e6 13. e4 Rd8 14. exd5 exd5 15. Bg5 f6 16. Be3 b6 17.
c4 Bb7 18. c5 bxc5 19. dxc5 Bc6 20. Bf4 Bf8 21. Rfd1 Kg7 22. Qc3 Rac8 23. Qd4
a5 24. h4 Ba4 25. Rdc1 Bb5 26. h5 gxh5 27. Bh6+ Kf7 28. Bxf8 Rxf8 29. Qxd5+
Qxd5 30. Bxd5+ Kg6 31. c6 Ba6 32. Rc5 a4 33. Ra5 Bd3 34. Rxa4 Bb5 35. Ra5 Bxc6
36. Be6 Ra8 37. Bf5+ Kg7 38. Rc5 Be8 39. Be4 Ra3 40. Bd5 Bf7 41. Rc7 Kg6 42.
Be4+ {Nguyen,N (2625)-Smirin,I (2663) Khanty-Mansiysk 2013 1/2-1/2 (70)}) 13.
e4 dxe4 $11 14. Bxe4 Qc7 15. Bg5 (15. Bf4 e5 16. dxe5 Bxe5 17. Bxe5 Qxe5 18.
Rfe1 Qc5 19. Rad1 Bg4 20. Rd5 Qc7 21. Qxb7 Qxc3 22. Rb1 Rdb8 23. Qxb8+ Rxb8 24.
Rxb8+ Kg7 25. Rb1 Qc4 26. Bg2 Qxa2 27. Rc1 a5 28. Rdc5 Be6 29. Bf1 Qd2 30. Ra1
Ba2 31. Re5 Qb2 32. Rae1 a4 33. R5e2 Qb3 34. Ra1 Bb1 35. Re3 Qb4 36. Bd3 Bxd3
37. Rxd3 h5 38. Rda3 h4 39. Rxa4 Qc3 40. gxh4 Kh6 41. R1a3 Qc1+ 42. Kg2 Qc6+
43. f3 Qc2+ 44. Kg3 Qc7+ {Dias,P (2406)-Fernandes,A (2361) Lisabon 2014 0-1 
(86)}) 15... Bh3 16. Rfe1 Rd7 17. Bf4 Qb6 18. Rab1 Rc8 19. Qa3 Qa6 $6 20. Qxa6
bxa6 21. Bc6 $1 {[%csl Rg8][%cal Gb1b8]} Rdd8 22. d5 Bf6 (22... Bxc3 23. Rxe7
$36 {[%csl Gd5]}) 23. c4 Bd7 24. Rb8 Rxb8 25. Bxb8 Bd4 26. Bxd7 Rxd7 27. Bf4
Rb7 28. Rc1 Bc5 29. Be3 Rc7 30. Bxc5 Rxc5 31. f4 Kf8 32. Kf2 e6 33. dxe6 fxe6
34. Ke3 Ke7 35. Kd4 $14 {[%csl Ra6,Gc4] L'échange des Q a donné un léger
avantage Blanc dans cette finale de R mais difficile à valoriser} Kd6 36. Re1
(36. Rb1 Ra5 37. Rb2 $14) 36... Ra5 37. c5+ $5 Kd7 $6 (37... Rxc5 $142 38.
Rxe6+) 38. Re2 Ra4+ 39. Ke5 Rc4 (39... Ke7 $2 40. Rb2 {[%csl Ra7,Re7,Rh7][%cal
Gb2b7]}) 40. Kf6 Rxc5 41. Rd2+ Ke8 42. Kxe6 $16 {[%csl Re8]} Kf8 43. Rd7 (43.
Rd8+ Kg7 44. Rd7+ Kh6 (44... Kg8 45. Rxa7 Rc2 46. Rxa6 Kf8 (46... Rxh2 47. Kf6)
) 45. g4 $40) 43... Kg8 44. Rxa7 Rc6+ 45. Kd5 Rc2 46. Rxa6 Rxh2 47. Ke6 Re2+ (
47... Rg2 $2 48. Kf6 {[%csl Rg8]}) 48. Kf6 Re8 49. g4 Rf8+ 50. Kg5 Rf7 51. f5
gxf5 52. gxf5 Rb7 53. a4 Kg7 54. a5 Rc7 55. Rb6 Ra7 56. a6 1-0